| 000 | 00422nam a2200157Ia 4500 | ||
|---|---|---|---|
| 008 | 230917s9999||||xx |||||||||||||| ||und|| | ||
| 020 | _cRS60 | ||
| 040 |
_e169688 _aMAIN |
||
| 041 | _aEnglish | ||
| 082 | _a891.432741 SP74N | ||
| 100 | _aसरमा पूर्ण | ||
| 245 | 0 | _aन घर के ना घाट के | |
| 260 |
_aजयपुर _bपुनीत _c1997 |
||
| 300 | _a80 पृ. p. | ||
| 942 | _cHN | ||
| 999 |
_c96620 _d96620 |
||